Länder Asiens nach Buchstaben H-J - Statistiken

Allgemein
  • Dieses Quiz wurde 94 mal gespielt
  • Das Durchschnittsergebnis liegt bei 8 aus 8
Antwortstatistiken
- Land % Korrekt
J Jemen
98%
I Irak
97%
I Iran
97%
I Indonesien
95%
J Jordanien
95%
I Israel
94%
J Japan
93%
I Indien
91%
Keine übereinstimmenden Quizze gefunden
Verteilung der Resultate
Anzahl Personen mit jedem Resultat
Perzentil nach korrekt beantworteten Fragen
Ihre Resultats-Entwicklung
Sie haben dieses Quiz noch nicht gespielt